书目信息 |
| 题名: |
幼学古诗百首
|
|
| 作者: | 严文井 主编 ;青青 选译 | |
| 分册: | ||
| 出版信息: | 太原 山西人民出版社 1981 |
|
| 页数: | 219页 | |
| 开本: | 18cm | |
| 丛书名: | 父母必备丛书 | |
| 单 册: | ||
| 中图分类: | I222 , I286.2 | |
| 科图分类: | ||
| 主题词: | 古典诗歌--中国--儿童读物 , 儿童文学--中国 , 儿童文学--中国--丛书 | |
| 电子资源: | ||
| ISBN: | ||
| 000 | 00798oam2 2200289 450 | |
| 001 | 1575724903 | |
| 005 | 20150128204810.89 | |
| 010 | @dCNY0.47 | |
| 091 | @a10088.717 | |
| 100 | @a19950415d1981 em y0chiy0110 ea | |
| 101 | 0 | @achi |
| 102 | @aCN@b140000 | |
| 105 | @ay z 000gy | |
| 200 | 1 | @a幼学古诗百首@9you xue gu shi bai shou@f严文井主编@g青青选译 |
| 210 | @a太原@c山西人民出版社@d1981 | |
| 215 | @a219页@d18cm | |
| 225 | 2 | @a父母必备丛书 |
| 461 | 0 | @12001 @a父母必备丛书 |
| 606 | 0 | @a古典诗歌@y中国@x儿童读物 |
| 606 | 0 | @a儿童文学@x中国 |
| 606 | 0 | @a儿童文学@x中国@x丛书 |
| 690 | @aI222@v5 | |
| 690 | @aI286.2@v4 | |
| 701 | 0 | @a严文井@9yan wen jing@f(1915.10~2005.7)@4主编 |
| 702 | 0 | @a青青@9qing qing@4选译 |
| 801 | 0 | @aCN@bTSSF@c20150128 |
| 905 | @aZUCC@dI286.2@eJY1 | |
| 幼学古诗百首/严文井主编/青青选译.-太原:山西人民出版社,1981 |
| 219页;18cm.-(父母必备丛书) |
| ISBN :CNY0.47 |
| ● |
| 相关链接 |
|
|
|
|
正题名:幼学古诗百首
索取号:I286.2/JY1
 
预约/预借
| 序号 | 登录号 | 条形码 | 馆藏地/架位号 | 状态 | 备注 |
| 1 | 7837231 | 278372315 | 学院路分馆/ [索取号:I286.2/JY1] | 在馆 | |
| 2 | 7855675 | 278556750 | 学院路分馆/ [索取号:I286.2/JY1] | 在馆 | |
| 3 | 7855676 | 278556769 | 学院路分馆/ [索取号:I286.2/JY1] | 在馆 | |
| 4 | 7855677 | 278556778 | 学院路分馆/ [索取号:I286.2/JY1] | 在馆 | |
| 5 | 7855678 | 278556787 | 学院路分馆/ [索取号:I286.2/JY1] | 在馆 |